000 00903nam a2200241Ia 4500
003 OSt
005 20220923224954.0
006 a|||||r|||| 00| 0
007 ta
008 220922b |||||||| |||| 00| 0 hin d
024 _a254,520
037 _cTextual
040 _aARTS
_cARTS
_bhin
041 _2hin
_ahin
082 _aR65,6, 152N6
100 _aज्ञानेश्वर; तपस्वी, मोरेश्वर गणेश, अनु.
_9168285
245 0 _aसुगम हिन्दी ज्ञानेश्वरी
246 _aSugam hindī jnyāneshvarī
260 _aनई दिल्ली
_b साहित्य अकादेमी
_c1996
300 _a842पृ.
_ccm.
942 _hR65,6, 152N6
_cTEXL
_2CC
999 _c375122
_d375122